000 nam a22 7a 4500
999 _c7302
_d7302
008 170807b xxu||||| |||| 00| 0 eng d
100 _93840
_aWason. V
245 _aRapid vision in Business Studies
260 _aNew Delhi
_bEurasia Publishing house
_c2008